Практический курс китайского языка. Расширенный аудиокурс

Bibliografische gegevens
Hoofdauteur: Кондрашевский А. Ф.
Andere auteurs: Румянцева М. В., Фролова М. Г.
Samenvatting:Исключено из фонда НТБ ТПУ
Taal:Chinees
Gepubliceerd in: Москва, Восточная книга, 2010
Editie:12-е изд.
Formaat: MixedMaterials Audio
KOHA link:https://koha.lib.tpu.ru/cgi-bin/koha/opac-detail.pl?biblionumber=233900

MARC

LEADER 00000nim0a2200000 4500
001 233900
005 20231031203646.0
035 |a (RuTPU)RU\TPU\book\254982 
090 |a 233900 
100 |a 20130314d2010 m y0rusy50 ca 
101 0 |a chi 
102 |a RU 
105 |a y j 000zy 
126 |a agbuhxx||||||сd 
200 1 |a Практический курс китайского языка. Расширенный аудиокурс  |b электронный ресурс  |f А. Ф. Кондрашевский, М. В. Румянцева, М. Г. Фролова 
205 |a 12-е изд. 
210 |a Москва  |c Восточная книга  |d 2010 
215 |a 2 Audio CD-ROM 
333 |a Исключено из фонда НТБ ТПУ 
700 1 |a Кондрашевский  |b А. Ф. 
701 1 |a Румянцева  |b М. В. 
701 1 |a Фролова  |b М. Г. 
801 1 |a RU  |b 63413507  |c 20130314 
801 2 |a RU  |b 63413507  |c 20170626  |g RCR 
942 |c BK